| 000 | 00701ata a2200241 4500 | ||
|---|---|---|---|
| 005 | 20160902111459.0 | ||
| 008 | 150515b xxu||||| |||| 00| 0 spa d | ||
| 041 | _aspa | ||
| 082 | _a155.9 Z75p3 | ||
| 100 |
_aZimmermann, Marcel _917439 |
||
| 245 | _aPsicología ambiental, calidad de vida y desarrollo sostenible | ||
| 250 | _a3 edición | ||
| 260 |
_aColombia _bECOE _c2010 |
||
| 300 | _a184 páginas | ||
| 650 |
_aPSICOLOGÍA AMBIENTAL _917440 |
||
| 650 |
_aMEDIO AMBIENTE _9505 |
||
| 650 |
_aECOSISTEMAS _91110 |
||
| 650 |
_aECOLOGÍA HUMANA _9932 |
||
| 650 |
_aASPECTOS SOCIALES _97318 |
||
| 650 |
_aSANEAMIENTO AMBIENTAL _917441 |
||
| 650 |
_aCRECIMIENTO SOSTENIBLE _917442 |
||
| 942 | _cBK | ||
| 999 |
_c5548 _d5548 |
||